000
00202 a2200097 4500
001
42979
100
_a
Djilas
245
_a
Land without justice
260
_a
London
_b
Methuen
_c
090
_c
26856
_d
26856
942
_a
NUST-CAE
_c
M
_c
18731
999
_c
278052
_d
278052